000 00589nam a2200229Ia 4500
003 OSt
005 20220918202129.0
006 a|||||r|||| 00| 0
007 ta
008 220917b |||||||| |||| 00| 0 eng d
024 _a99,003
037 _cTextual
040 _aARTS
_cARTS
_beng
041 _2eng
_aeng
082 _aV2:25xM69:g, K9
100 _aErikson Erik H
245 0 _aGandhi truth ; on the origins of militant novviolence
260 _c1969
650 _aHISTORY
942 _hV2:25xM69:g, K9
_cTEXL
_2CC
999 _c222581
_d222581